000 00451nam a2200145 i 4500
001 61684
003 ES-MaACL
005 20230906164524.0
008 031113s1970 sp |||| | spa d
245 0 0 _aEscritos inmortales
_b: de Aristóteles a Von Braun /
_cPablo Farga Montenegro.
260 _a[Barcelona :
_bMartínez Roca,
_c1970]
300 _a287 p. :
_bil. ;
_c23 cm.
700 1 _aFarga Montenegro, Pablo.
_948840
852 _aES-MaACL
_jC-38173
999 _c61684
_d61684